Entitlements to natural resources : (Record no. 13512)

MARC details
000 -LEADER
fixed length control field 00648nam a22002052 4500
001 - CONTROL NUMBER
control field 0000012702
005 - DATE AND TIME OF LATEST TRANSACTION
control field 20151217155852.0
008 - FIXED-LENGTH DATA ELEMENTS--GENERAL INFORMATION
fixed length control field 090315s xx 000 0 eng d
020 ## - INTERNATIONAL STANDARD BOOK NUMBER
International Standard Book Number 9057270013 :
040 ## - CATALOGING SOURCE
Original cataloging agency KABU
Transcribing agency KABU
100 1# - MAIN ENTRY--PERSONAL NAME
Personal name Dietz, Ton.
-- 0000169605
245 10 - TITLE STATEMENT
Title Entitlements to natural resources :
Remainder of title contours of political enviromental geography /
Statement of responsibility, etc. Ton Dietz.
250 ## - EDITION STATEMENT
Edition statement 1st ed.
260 ## - PUBLICATION, DISTRIBUTION, ETC. (IMPRINT)
Place of publication, distribution, etc. Amsterdam :
Name of publisher, distributor, etc. International Books,
Date of publication, distribution, etc. 1996.
300 ## - PHYSICAL DESCRIPTION
Extent 80 p.
650 #0 - SUBJECT ADDED ENTRY--TOPICAL TERM
Topical term or geographic name as entry element Land use
Geographic subdivision Enoosupukia (Kenya)
-- 0000169606
852 1# - LOCATION
-- p450 KES
908 ## - PUT COMMAND PARAMETER (RLIN)
Put command parameter 090315
950 ## - LOCAL HOLDINGS (RLIN)
-- 1
Holdings
Withdrawn status Lost status Source of classification or shelving scheme Not for loan Home library Current library Date acquired Total Checkouts Full call number Barcode Date last seen Price effective from Koha item type
    Library of Congress Classification   Kabarak, Main Campus Kabarak, Main Campus 17/12/2015   HD983 .Z8E56 1996 c. 1 17120 17/12/2015 17/12/2015 Africana Collection
Designed with assistance from East African Informatics Ltd